00766 2200301 4500001002100000005001500021035002000036007000300056008004100059020001800100082001600118084002000134084002000154084002000174100001500194245008700209250000600296260003400302300003000336650001600366650001200382700001200394700001300406520000600419990001300425990001300438990001300451INLIS00000000000991820230724041235 a0010-0723000448ta230724 g 0 ind  a9786029186253 a646.3 TIA b a646.3 TIA b C.1 a646.3 TIA b C.2 a646.3 TIA b C.30 aTiara Aksa1 aBatik Trendy 3 :bmakin percaya diri dengan batik trendy /cTim Redaksi Tiara Aksa a- aSurabaya :bTiara Aksa,c2020 a72 hlm. :bilus ;c21 cm. 4aMode Busana 4aFashion0 aYanti W0 aRinawati a- a023.4947 a023.4945 a023.4946